| 000 | 00691cam a22002413a 4500 | ||
|---|---|---|---|
| 001 | 20553 | ||
| 003 | PGUSA | ||
| 005 | 20140828083434.0 | ||
| 008 | 070210s2007||||xxu|||||s|||||000 1 eng d | ||
| 040 |
_aPGUSA _beng |
||
| 042 | _adc | ||
| 100 | 1 | _aWilson, Robert H. | |
| 245 | 1 | 0 |
_aOut Around Rigel _h[electronic resource] / _cRobert H. Wilson |
| 260 |
_bProject Gutenberg, _c2007 |
||
| 506 | _aPublic domain in the USA. | ||
| 516 | _aElectronic text | ||
| 653 | _aScience fiction | ||
| 653 | _aExtraterrestrial beings -- Fiction | ||
| 653 | _aRelativity (Physics) -- Fiction | ||
| 830 | 0 |
_aProject Gutenberg _v20553 |
|
| 856 | 4 | 0 | _uhttp://www.gutenberg.org/ebooks/20553 |
| 942 | _cEB | ||
| 999 |
_c249808 _d249808 |
||